00522nam a2200157 i 4500001000700000003000900007005001700016007000300033008004100036100004000077245012500117260003800242300002300280700004000303852002100343122465ES-MaACL20241210140222.0t|070214s1929 sp r ||||1| spa d1 aPrimo de Rivera, Miguel,d1870-193013aEl pensamiento de Miguel Primo de Rivera b: sus notas, artículos y discursos / cprólogo de José María Pemán. aMadrid : bSaez Hermanos, c1929. a324 p. ; c21 cm.1 aPemán, José María,d1897-1981 aES-MaACLjB-3029